[Event "Oravska Priehrada op"]
[Site "Oravska Priehrada"]
[Date "2016.08.26"]
[Round "1"]
[White "Bulon, Jan"]
[Black "Galbavy, Dusan"]
[Result "1/2-1/2"]
[WhiteElo "1254"]
[BlackElo "1821"]
[PlyCount "112"]
[EventDate "2016.08.26"]
[EventType "swiss"]
[EventRounds "7"]
[EventCountry "SVK"]
[SourceTitle "CBM 174 Extra"]
[Source "ChessBase"]
[SourceDate "2016.10.10"]
[SourceVersion "1"]
[SourceVersionDate "2016.10.10"]
[SourceQuality "1"]

1. b4 d5 2. Bb2 f6 3. Nf3 e5 4. b5 Bd6 5. e3 Ne7 6. c4 Be6 7. Na3 0-0 8. Qc2 c6 9. c5 Bc7 10. Be2 Qd7 11. 0-0 Bf5 12. Qb3 g5 13. d4 e4 14. Nd2 Ng6 15. Nc2 Qg7 16. f3 exf3 17. Rxf3 Bg4 18. Rf2 Bxe2 19. Rxe2 f5 20. Nf3 Qh6 21. g3 Nd7 22. Rg2 Rab8 23. a4 Rfe8 24. a5 Re4 25. b6 axb6 26. axb6 Bd8 27. Rf1 Re8 28. Nd2 Rf8 29. Qd3 Ne7 30. Nf3 Ng6 31. Nd2 Qh3 32. Rf3 g4 33. Rxf5 Bf6 34. e4 Nxc5 35. Qe3 Nd7 36. e5 Be7 37. Rgf2 Rxf5 38. Rxf5 Rf8 39. Qf2 Qh6 40. Nb3 Nxb6 41. Bc1 Qg7 42. e6 Nc4 43. Nc5 Nd6 44. Rxf8+ Qxf8 45. Qe2 Qf5 46. Ne3 Qb1 47. Qf1 b6 48. Nd7 Kg7 49. Nxg4 Kh8 50. Nh6 Qb4 51. Be3 Qc3 52. Qf3 Nc4 53. Nf7+ Kg8 54. Nh6+ Kh8 55. Nf7+ Kg8 56. Nh6+ Kh8 1/2-1/2